[Event "Wuerttemberg-ch KT"]
[Site "Stuttgart"]
[Date "2016.09.02"]
[Round "8"]
[White "Streiter, Manfred"]
[Black "Baars, Mario"]
[Result "1-0"]
[WhiteElo "1983"]
[BlackElo "1741"]
[PlyCount "107"]
[EventDate "2016.08.27"]
[EventType "swiss"]
[EventRounds "9"]
[EventCountry "GER"]
[SourceTitle "EXT 2017"]
[Source "ChessBase"]
[SourceDate "2016.10.25"]
[SourceVersion "1"]
[SourceVersionDate "2016.10.25"]
[SourceQuality "1"]

1. d4 Nf6 2. Nf3 e6 3. g3 b5 4. Bg2 Bb7 5. 0-0 Be7 6. a4 b4 7. Re1 0-0 8. Nbd2 a5 9. c4 d6 10. b3 Na6 11. e4 Nd7 12. Bb2 Bf6 13. Qc2 e5 14. Rad1 Qe7 15. Nf1 c6 16. Ne3 g6 17. Bh3 Rad8 18. Bxd7 exd4 19. Ng4 Rxd7 20. Nxf6+ Qxf6 21. Nxd4 Qg5 22. Bc1 Qh5 23. Ne2 Rdd8 24. Nf4 Qg4 25. h3 Qc8 26. Kh2 d5 27. cxd5 cxd5 28. Qxc8 Bxc8 29. Nxd5 Kg7 30. Bb2+ Kh6 31. Bd4 Be6 32. Bb6 Rd6 33. Bxa5 Rc8 34. Nxb4 Rxd1 35. Rxd1 Nxb4 36. Bxb4 Bxb3 37. Ra1 Rc2 38. Kg2 Ra2 39. Rxa2 Bxa2 40. f4 Kg7 41. Kf3 Kf6 42. Ke3 Bc4 43. Kd4 Bf1 44. h4 Ke6 45. Kc5 Bg2 46. Kd4 f6 47. a5 Kd7 48. Bf8 Kc6 49. Be7 f5 50. exf5 gxf5 51. Ke5 Bh3 52. h5 Bg4 53. h6 Kd7 54. Bb4 1-0

[Event "Stuttgart-chA int"]
[Site "Ditzingen"]
[Date "2016.05.06"]
[Round "3"]
[White "Baars, Mario"]
[Black "Kasueschke, Lars"]
[Result "0-1"]
[WhiteElo "1775"]
[BlackElo "2013"]
[PlyCount "46"]
[EventDate "2016.05.05"]
[EventType "swiss"]
[EventRounds "7"]
[EventCountry "GER"]
[SourceTitle "EXT 2018"]
[Source "ChessBase"]
[SourceDate "2017.10.13"]
[SourceVersion "1"]
[SourceVersionDate "2017.10.13"]
[SourceQuality "1"]

1. e4 e5 2. Nf3 Nf6 3. Nxe5 d6 4. Nf3 Nxe4 5. Nc3 Nxc3 6. dxc3 Be7 7. Be3 Nc6 8. Qd2 Bf5 9. Be2 Bf6 10. Nd4 Nxd4 11. cxd4 d5 12. g4 Be4 13. f3 Bh4+ 14. Kd1 Bg6 15. Bd3 Qf6 16. Rf1 Bxd3 17. Qxd3 0-0-0 18. c3 Rhe8 19. Kc2 Qe6 20. Bf4 Qe2+ 21. Bd2 g6 22. Rad1 Re6 23. Kc1 Qxd3 0-1

[Event "Stuttgart-chA int"]
[Site "Ditzingen"]
[Date "2016.05.06"]
[Round "4"]
[White "Schoembs, Oliver"]
[Black "Baars, Mario"]
[Result "1-0"]
[WhiteElo "1890"]
[BlackElo "1775"]
[PlyCount "45"]
[EventDate "2016.05.05"]
[EventType "swiss"]
[EventRounds "7"]
[EventCountry "GER"]
[SourceTitle "EXT 2018"]
[Source "ChessBase"]
[SourceDate "2017.10.13"]
[SourceVersion "1"]
[SourceVersionDate "2017.10.13"]
[SourceQuality "1"]

1. e4 c6 2. c4 d5 3. cxd5 cxd5 4. exd5 Nf6 5. Nc3 a6 6. d4 Nxd5 7. Bc4 Nb6 8. Bd3 e6 9. Nf3 Be7 10. Bf4 N8d7 11. Rc1 Nf6 12. 0-0 0-0 13. Ne4 Nbd5 14. Nxf6+ Bxf6 15. Bg3 Be7 16. Re1 Bd6 17. Ne5 Bxe5 18. dxe5 Qg5 19. Re4 f5 20. exf6 Nxf6 21. Re5 Qg4 22. Qd2 h6 23. Rc4 1-0

[Event "Stuttgart-chB op"]
[Site "Ditzingen"]
[Date "2015.05.16"]
[Round "6"]
[White "Baars, Mario"]
[Black "Meusel, Rolf"]
[Result "1/2-1/2"]
[WhiteElo "1771"]
[BlackElo "1884"]
[PlyCount "141"]
[EventDate "2015.05.17"]
[EventType "swiss"]
[EventRounds "7"]
[EventCountry "GER"]
[SourceTitle "EXT 2018"]
[Source "ChessBase"]
[SourceDate "2017.10.13"]
[SourceVersion "1"]
[SourceVersionDate "2017.10.13"]
[SourceQuality "1"]

1. e4 c6 2. d4 d5 3. e5 Bf5 4. Nf3 e6 5. Be2 h6 6. 0-0 Ne7 7. Be3 Nd7 8. c4 dxc4 9. Bxc4 Nb6 10. Bd3 Bxd3 11. Qxd3 Nf5 12. Nc3 Be7 13. Rfd1 Nd5 14. Rac1 0-0 15. Qe2 Nxc3 16. bxc3 Qa5 17. Rc2 Rfd8 18. Nd2 Rd7 19. Nb3 Qa4 20. g4 Nxe3 21. Qxe3 c5 22. Rcd2 Rad8 23. h3 cxd4 24. cxd4 b6 25. f4 Qb4 26. Rd3 a5 27. Nc1 Rc7 28. Ne2 Rdc8 29. Kh2 Rc2 30. Kg3 Qb2 31. Kf3 Qxa2 32. R1d2 Qd5+ 33. Kg3 Rxd2 34. Rxd2 Bb4 35. Rd1 Rc2 36. f5 a4 37. fxe6 fxe6 38. Nf4 Qb3 39. Rd3 Rc3 40. d5 exd5 41. e6 Rxd3 42. Nxd3 Be7 43. Qf3 Bf6 44. h4 Qa3 45. g5 Qd6+ 46. Kg2 Qxe6 47. gxf6 Qe4 48. fxg7 Kxg7 49. Kg3 Qxf3+ 50. Kxf3 a3 51. Nb4 Kg6 52. Kg4 d4 53. h5+ Kf6 54. Kf4 d3 55. Ke3 Kg5 56. Kxd3 Kxh5 57. Kc3 Kg4 58. Nd5 b5 59. Kb3 b4 60. Nxb4 h5 61. Nd3 Kg3 62. Nc5 h4 63. Ne4+ Kf4 64. Nf2 Kf3 65. Nh3 Kg3 66. Ng1 Kg2 67. Ne2 Kf2 68. Nf4 Kf3 69. Nh3 Kg3 70. Ng5 Kg4 71. Ne4 1/2-1/2

[Event "Stuttgart-chB op"]
[Site "Ditzingen"]
[Date "2015.05.14"]
[Round "1"]
[White "Baars, Mario"]
[Black "Giebler, Kai"]
[Result "1-0"]
[WhiteElo "1771"]
[BlackElo "1528"]
[PlyCount "45"]
[EventDate "2015.05.17"]
[EventType "swiss"]
[EventRounds "7"]
[EventCountry "GER"]
[SourceTitle "EXT 2018"]
[Source "ChessBase"]
[SourceDate "2017.10.13"]
[SourceVersion "1"]
[SourceVersionDate "2017.10.13"]
[SourceQuality "1"]

1. e4 e5 2. Nf3 Nc6 3. d4 exd4 4. Nxd4 Bc5 5. Be3 Qf6 6. c3 Nge7 7. Bc4 d6 8. 0-0 Nxd4 9. cxd4 Bb6 10. Nc3 0-0 11. f4 Nc6 12. Nd5 Qh6 13. f5 Qh4 14. Rf4 Qd8 15. Qh5 Bxd4 16. Bxd4 Nxd4 17. Rh4 h6 18. f6 Re8 19. fxg7 Qg5 20. Qxg5 hxg5 21. Rh8+ Kxg7 22. Rxe8 c6 23. Ne7 1-0